000 004290000a22001450004500
003 MACL
005 20160131171909.0
008 160131b xxu||||| |||| 00| 0 eng d
040 _aMACL
_cMACL
041 _aHindi
082 _a001
245 _aसामान्‍य अध्‍ययन 2012 प्रश्‍न पत्र 2
260 _aनई दिल्‍ली
_bTata Mc Graw Hill
_c2012
942 _cHIN
_k001
_2ddc
999 _c45586
_d45586